01363cam a2200325 a 4500001000800000005001700008008004100025010001700066020002000083020002200103040001800125043003000143050002500173082002100198100003300219245007600252246005400328260003700382300003200419440008900451504006400540651003700604651004100641651005000682651005000732856008900782942001200871999001700883952013700900352705320060807180409.0961015s1997 enka |rb 001 0 eng  a 96047506  a0415120012 (hc) a0415120020 (pbk.) aDLCcDLCdDLC ae------aee-----aec-----00aHC241.2b.P6639 199700a337.142222bPRE1 aPreston, Christopher.91099510aEnlargement & Integration in the European Union /cChristopher Preston.3 aEnlargement and integration in the European Union aLondon :bRoutledge, 1997c1997. ax, 259 p. :bill. ;c23 cm. 4aThe Routledge/University Association for Contemporary European Studies series910996 aIncludes bibliographical references (p. 240-251) and index. 0aEuropean Union countries.910997 0aEuropexEconomic integration.910998 0aEurope, EasternxEconomic integration.910999 0aEurope, CentralxEconomic integration.911000423Publisher descriptionuhttp://www.loc.gov/catdir/enhancements/fy0649/96047506-d.html 2ddccBB c13290d13290 00102ddc40708El_Dar El_aMAINbMAINc1STd2010-02-07epurchaseg110.00h1324l0o337.142 PREp000019671r2025-07-15 00:00:00yBB